000 00227nam a2200121Ia 4500
100 _aHORST & RALPH
942 _cBK
245 _aTHE FLYING WHITE HOUSE
260 _b#N/A
300 _a237
546 _aENGLISH
999 _c32082
_d32082